[Event "ROM-chT (Women)"]
[Site "Mamaia"]
[Date "2013.09.08"]
[Round "9.4"]
[White "Taposu Matei, Alexandra"]
[Black "Firaru, Roxana Maria"]
[Result "1-0"]
[WhiteElo "1784"]
[BlackElo "1684"]
[PlyCount "55"]
[EventDate "2013.08.31"]
[EventType "team-tourn"]
[EventRounds "9"]
[EventCountry "ROU"]
[SourceTitle "CBM 156 Extra"]
[Source "ChessBase"]
[SourceDate "2013.10.22"]
[SourceVersion "1"]
[SourceVersionDate "2013.10.22"]
[SourceQuality "1"]
[WhiteTeam "Lugoj (W)"]
[BlackTeam "Arad (W)"]
[WhiteTeamCountry "ROU"]
[BlackTeamCountry "ROU"]

1. d4 d5 2. Nf3 Nf6 3. c4 c6 4. cxd5 cxd5 5. Nc3 e6 6. Bg5 Nc6 7. e3 Bb4 8. Bd3 Bd7 9. 0-0 0-0 10. Rc1 h6 11. Bh4 Rc8 12. a3 Ba5 13. Qe2 a6 14. Rc2 Qe7 15. Rfc1 Bxc3 16. Rxc3 Na5 17. Ne5 g5 18. Bg3 Rxc3 19. Rxc3 Rc8 20. Rxc8+ Bxc8 21. Qc2 Qe8 22. Qc7 Nc6 23. Nxf7 Qxf7 24. Qxc8+ Kg7 25. Bxa6 Na5 26. Bb5 Ne4 27. Be5+ Kh7 28. Qh8+ 1-0

[Event "ROM-chT (Women)"]
[Site "Mamaia"]
[Date "2013.09.01"]
[Round "2.4"]
[White "Taposu Matei, Alexandra"]
[Black "Nevednichy, Alexandra"]
[Result "1/2-1/2"]
[WhiteElo "1784"]
[BlackElo "1682"]
[PlyCount "84"]
[EventDate "2013.08.31"]
[EventType "team-tourn"]
[EventRounds "9"]
[EventCountry "ROU"]
[SourceTitle "CBM 156 Extra"]
[Source "ChessBase"]
[SourceDate "2013.10.22"]
[SourceVersion "1"]
[SourceVersionDate "2013.10.22"]
[SourceQuality "1"]
[WhiteTeam "Lugoj (W)"]
[BlackTeam "Sinandrei (W)"]
[WhiteTeamCountry "ROU"]
[BlackTeamCountry "ROU"]

1. d4 d5 2. Nf3 Nf6 3. c4 c6 4. cxd5 cxd5 5. Nc3 e6 6. Bg5 Be7 7. e3 Nc6 8. Be2 0-0 9. 0-0 h6 10. Bh4 Bd7 11. Rc1 Rc8 12. Nd2 Ne8 13. Bxe7 Qxe7 14. a3 f5 15. Nf3 Qf6 16. Na4 b6 17. Nc3 Nd6 18. Nb5 Nxb5 19. Bxb5 Nb8 20. Qb3 Qd8 21. Ne5 Bxb5 22. Qxb5 Rc7 23. Qb4 Nd7 24. Ng6 Re8 25. Qd6 Rb7 26. Nf4 Nf8 27. Qc6 Qd7 28. Qxd7 Rxd7 29. Rc6 Ree7 30. Rfc1 Kf7 31. Kf1 Ng6 32. Nxg6 Kxg6 33. Ke2 Kf7 34. Kf3 Kf6 35. Kf4 g5+ 36. Kf3 Kf7 37. Ke2 Kg7 38. g3 Kg6 39. Kf3 Kf7 40. Ke2 Rd8 41. Rc7 Rdd7 42. Rc8 Re8 1/2-1/2

[Event "ROM-ch U20 Girls"]
[Site "Calimanesti"]
[Date "2013.04.03"]
[Round "3"]
[White "Bulmaga, Irina"]
[Black "Taposu Matei, Alexandra"]
[Result "1-0"]
[WhiteElo "2389"]
[BlackElo "1782"]
[PlyCount "73"]
[EventDate "2013.04.02"]
[EventType "tourn"]
[EventRounds "10"]
[EventCountry "ROU"]
[SourceTitle "CBM 153 Extra"]
[Source "ChessBase"]
[SourceDate "2013.04.22"]
[SourceVersion "1"]
[SourceVersionDate "2013.04.22"]
[SourceQuality "1"]

1. e4 c5 2. Nf3 d6 3. d4 cxd4 4. Nxd4 Nf6 5. Nc3 a6 6. Be3 e5 7. Nb3 Be6 8. f3 Be7 9. Qd2 Nbd7 10. 0-0-0 b5 11. g4 Nb6 12. g5 Nfd7 13. Kb1 Qc7 14. Nd5 Nxd5 15. exd5 Bf5 16. h4 Rc8 17. Rc1 Nb6 18. Bxb6 Qxb6 19. Bd3 Bxd3 20. Qxd3 b4 21. f4 0-0 22. Rce1 Qc7 23. Re2 a5 24. Nd2 a4 25. Re4 a3 26. Rxb4 axb2 27. f5 Rfe8 28. Ne4 Qa5 29. Qb3 Qa8 30. f6 Bf8 31. fxg7 Be7 32. Rf1 Rb8 33. Rxb8 Rxb8 34. Qf3 Kxg7 35. Qxf7+ Kh8 36. Qxe7 Qa6 37. Rf8+ 1-0

[Event "ROM-chT (Women)"]
[Site "Brasov"]
[Date "2011.10.15"]
[Round "8.1"]
[White "Mastacan, Camelia"]
[Black "Taposu Matei, Alexandra"]
[Result "1/2-1/2"]
[WhiteElo "1701"]
[BlackElo "1788"]
[PlyCount "47"]
[EventDate "2011.10.08"]
[EventType "team-tourn"]
[EventRounds "9"]
[EventCountry "ROU"]
[SourceTitle "CBM 144 Extra"]
[Source "ChessBase"]
[SourceDate "2011.10.28"]
[SourceVersion "1"]
[SourceVersionDate "2011.10.28"]
[SourceQuality "1"]
[WhiteTeam "Arad (W)"]
[BlackTeam "Bucharest Siciliana (W)"]
[WhiteTeamCountry "ROU"]
[BlackTeamCountry "ROU"]

1. d4 Nf6 2. c4 e6 3. Nc3 c5 4. e3 b6 5. d5 exd5 6. Nxd5 Bb7 7. Be2 Nxd5 8. cxd5 d6 9. e4 Nd7 10. Nf3 Be7 11. 0-0 0-0 12. Bd2 Bf6 13. Bc3 a6 14. a4 Re8 15. Nd2 g6 16. Rb1 Bg7 17. Bxg7 Kxg7 18. b4 Rb8 19. bxc5 bxc5 20. f3 a5 21. Bb5 Qc7 22. Nc4 Rbd8 23. Qd2 Ra8 24. Qf4 1/2-1/2

[Event "ROM-chT (Women)"]
[Site "Brasov"]
[Date "2011.10.08"]
[Round "1.2"]
[White "Anusca, Madalina Maria"]
[Black "Taposu Matei, Alexandra"]
[Result "1-0"]
[WhiteElo "2070"]
[BlackElo "1788"]
[PlyCount "76"]
[EventDate "2011.10.08"]
[EventType "team-tourn"]
[EventRounds "9"]
[EventCountry "ROU"]
[SourceTitle "CBM 144 Extra"]
[Source "ChessBase"]
[SourceDate "2011.10.28"]
[SourceVersion "1"]
[SourceVersionDate "2011.10.28"]
[SourceQuality "1"]
[WhiteTeam "Bucharest CSM (W)"]
[BlackTeam "Bucharest Siciliana (W)"]
[WhiteTeamCountry "ROU"]
[BlackTeamCountry "ROU"]

1. d4 Nf6 2. c4 e6 3. Nf3 Bb4+ 4. Bd2 Qe7 5. g3 0-0 6. Bg2 Bxd2+ 7. Nbxd2 d6 8. 0-0 Nbd7 9. Qc2 e5 10. d5 h6 11. b4 Nh7 12. Nb3 f5 13. Nh4 Qf7 14. Nxf5 Qxf5 15. Be4 Qh3 16. Bxh7+ Kh8 17. Be4 Nf6 18. Bg2 Qh5 19. f3 Bf5 20. e4 Bd7 21. a4 Rf7 22. c5 Raf8 23. b5 g5 24. Na5 Bc8 25. Nc4 Ne8 26. cxd6 cxd6 27. Qb2 Kg8 28. Qd2 Qg6 29. Rf2 h5 30. Raf1 h4 31. g4 h3 32. Bxh3 Rh7 33. Bg2 Qh6 34. Bh1 Rf4 35. Rg2 Qh3 36. Rg3 Qh4 37. Ne3 Qh6 38. Qg2 Nf6 1-0

[Event "ROM-ch (Women)"]
[Site "Baile Olanesti"]
[Date "2010.02.06"]
[Round "8"]
[White "Bulmaga, Elena"]
[Black "Taposu Matei, Alexandra"]
[Result "1-0"]
[WhiteElo "1769"]
[BlackElo "1816"]
[PlyCount "181"]
[EventDate "2010.01.31"]
[EventType "swiss"]
[EventRounds "9"]
[EventCountry "ROU"]
[SourceTitle "CBM 134 Extra"]
[Source "ChessBase"]
[SourceDate "2010.03.03"]
[SourceVersion "1"]
[SourceVersionDate "2010.03.03"]
[SourceQuality "1"]

1. d4 Nf6 2. c4 e6 3. Nc3 Bb4 4. e3 c5 5. Bd3 Nc6 6. Nge2 cxd4 7. exd4 d5 8. 0-0 dxc4 9. Bxc4 Ne7 10. Bf4 0-0 11. Bb3 b6 12. Rc1 Bb7 13. Qd3 Rc8 14. Rfd1 Ned5 15. Bg5 Be7 16. Nxd5 Nxd5 17. Rxc8 Qxc8 18. Bc2 f5 19. Bxe7 Nxe7 20. Bb3 Nd5 21. Re1 Rf6 22. Nc3 Nf4 23. Qe3 Qc6 24. f3 Nd5 25. Nxd5 exd5 26. Qe8+ Qxe8 27. Rxe8+ Kf7 28. Re5 g6 29. Bxd5+ Bxd5 30. Rxd5 Ke6 31. Rd8 Rf7 32. Kf2 Rc7 33. d5+ Ke5 34. d6 Rc6 35. d7 Ke6 36. Rh8 Rc2+ 37. Kg3 Kxd7 38. Rxh7+ Ke6 39. Rxa7 Rxb2 40. h4 Kf6 41. a4 Ra2 42. Ra6 Kf7 43. Kh3 Ra3 44. Rxb6 Rxa4 45. h5 gxh5 46. Rh6 Ra1 47. Kh2 Kg7 48. Rxh5 Kg6 49. Rh8 Ra2 50. Kg3 Kf6 51. Rb8 Ra6 52. Rb5 Kg6 53. f4 Rc6 54. Kh4 Ra6 55. Rb8 Ra2 56. Rb6+ Kf7 57. g3 Ra3 58. Rh6 Kg7 59. Rh5 Kf6 60. Rh7 Ra1 61. Rh6+ Kg7 62. Kg5 Ra3 63. Rh3 Ra5 64. Rh2 Ra3 65. Rg2 Ra5 66. Rd2 Ra3 67. Rd7+ Kf8 68. Kh4 Ra5 69. Rb7 Rc5 70. Kg5 Rc3 71. Kf6 Ke8 72. Rg7 Kf8 73. Rg5 Rc6+ 74. Kxf5 Kf7 75. Kg4 Rc4 76. Kh5 Ra4 77. Rf5+ Kg7 78. g4 Ra1 79. Kg5 Ra4 80. Rb5 Ra7 81. f5 Kf7 82. Rb6 Rc7 83. Kh6 Kg8 84. Rb8+ Kf7 85. g5 Rc3 86. Rb7+ Kg8 87. Kg6 Rc6+ 88. f6 Rc8 89. Rg7+ Kf8 90. Rh7 Kg8 91. f7+ 1-0

[Event "ROM-ch (Women)"]
[Site "Baile Olanesti"]
[Date "2010.02.05"]
[Round "7"]
[White "Ilie, Maria Ruxandra"]
[Black "Taposu Matei, Alexandra"]
[Result "1/2-1/2"]
[WhiteElo "2006"]
[BlackElo "1816"]
[PlyCount "60"]
[EventDate "2010.01.31"]
[EventType "swiss"]
[EventRounds "9"]
[EventCountry "ROU"]
[SourceTitle "CBM 134 Extra"]
[Source "ChessBase"]
[SourceDate "2010.03.03"]
[SourceVersion "1"]
[SourceVersionDate "2010.03.03"]
[SourceQuality "1"]

1. d4 Nf6 2. Nf3 e6 3. c4 Bb4+ 4. Bd2 Qe7 5. Qc2 Bxd2+ 6. Nbxd2 d6 7. e4 e5 8. c5 dxc5 9. dxc5 0-0 10. Be2 h6 11. 0-0 Nc6 12. Rfe1 Be6 13. Qc3 Bg4 14. Bb5 Rfe8 15. Bxc6 bxc6 16. b4 a5 17. a3 axb4 18. axb4 Nd7 19. Nc4 f6 20. Na5 Qe6 21. Nd2 Bh5 22. Nac4 Bf7 23. Rxa8 Rxa8 24. Ra1 Qe8 25. Ra3 Nf8 26. Qa1 Rxa3 27. Qxa3 Qd7 28. Qc3 Kh8 29. Na5 Bg6 30. h3 Ne6 1/2-1/2

[Event "ROM-ch (Women)"]
[Site "Baile Olanesti"]
[Date "2010.02.04"]
[Round "6"]
[White "Taposu Matei, Alexandra"]
[Black "Cosman, Andreea Marioara"]
[Result "1-0"]
[WhiteElo "1816"]
[BlackElo "1468"]
[PlyCount "83"]
[EventDate "2010.01.31"]
[EventType "swiss"]
[EventRounds "9"]
[EventCountry "ROU"]
[SourceTitle "CBM 134 Extra"]
[Source "ChessBase"]
[SourceDate "2010.03.03"]
[SourceVersion "1"]
[SourceVersionDate "2010.03.03"]
[SourceQuality "1"]

1. d4 Nf6 2. Nf3 c5 3. c4 cxd4 4. Nxd4 g6 5. Nc3 Bg7 6. g3 0-0 7. Bg2 Nc6 8. Nf3 d6 9. 0-0 Be6 10. Nd2 Qd7 11. b3 d5 12. Bb2 Rfd8 13. e3 Nb4 14. Qe2 Bg4 15. f3 d4 16. fxg4 dxc3 17. Bxc3 Nc2 18. Rad1 Qd3 19. Qxd3 Rxd3 20. Ne4 Rxd1 21. Rxd1 Nxe3 22. Rd3 Nxg2 23. Nxf6+ Bxf6 24. Bxf6 Ne1 25. Re3 exf6 26. Rxe1 Rd8 27. Re7 Rd1+ 28. Kf2 Rd2+ 29. Re2 Rd7 30. h3 Kf8 31. Kf3 Rd6 32. Re3 Re6 33. Rd3 Ke7 34. a3 Rd6 35. Ke3 Re6+ 36. Kf4 Re5 37. Re3 Ke6 38. b4 Rxe3 39. Kxe3 Ke5 40. c5 a6 41. a4 a5 42. c6 1-0

[Event "ROM-chT (Women)"]
[Site "Eforie Nord"]
[Date "2009.09.27"]
[Round "9"]
[White "Sevastian, Ana Denisse"]
[Black "Taposu Matei, Alexandra"]
[Result "0-1"]
[WhiteElo "1695"]
[BlackElo "1756"]
[PlyCount "52"]
[EventDate "2009.09.19"]
[EventType "team"]
[EventRounds "9"]
[EventCountry "ROU"]
[SourceTitle "CBM 132 Extra"]
[Source "ChessBase"]
[SourceDate "2009.11.03"]
[SourceVersion "1"]
[SourceVersionDate "2009.11.03"]
[SourceQuality "1"]

1. d4 Nf6 2. c4 e6 3. Nc3 Bb4 4. Qc2 Nc6 5. Nf3 Qe7 6. a3 Bxc3+ 7. Qxc3 d6 8. Bf4 0-0 9. e3 Ne4 10. Qc2 f5 11. d5 e5 12. dxc6 exf4 13. cxb7 Bxb7 14. Qc1 fxe3 15. Qxe3 f4 16. Qe2 Rfe8 17. 0-0-0 Qf6 18. Qc2 Rab8 19. Bd3 h6 20. Rhe1 Bc6 21. Re2 Nc5 22. Bh7+ Kh8 23. Rxe8+ Bxe8 24. Re1 Ba4 25. Qb1 Nb3+ 26. Kc2 Kxh7 0-1

[Event "ROM-chT (Women)"]
[Site "Eforie Nord"]
[Date "2009.09.26"]
[Round "8"]
[White "Taposu Matei, Alexandra"]
[Black "Uta, Adeline Ramona"]
[Result "0-1"]
[WhiteElo "1756"]
[BlackElo "2031"]
[PlyCount "122"]
[EventDate "2009.09.19"]
[EventType "team"]
[EventRounds "9"]
[EventCountry "ROU"]
[SourceTitle "CBM 132 Extra"]
[Source "ChessBase"]
[SourceDate "2009.11.03"]
[SourceVersion "1"]
[SourceVersionDate "2009.11.03"]
[SourceQuality "1"]

1. d4 Nf6 2. Nf3 c5 3. c4 cxd4 4. Nxd4 b6 5. Nc3 Bb7 6. e3 g6 7. Nf3 Bg7 8. Be2 0-0 9. Qc2 Nc6 10. a3 Rc8 11. b3 d5 12. Bb2 dxc4 13. Rd1 cxb3 14. Qxb3 Qc7 15. 0-0 Na5 16. Qb4 Qc5 17. Rd2 Qxb4 18. axb4 Nc4 19. Bxc4 Rxc4 20. b5 Rfc8 21. Ne2 Rb4 22. Ba3 Rxb5 23. Bxe7 Rd5 24. Ra2 a6 25. Rb1 b5 26. h3 Rd7 27. Bb4 Nd5 28. Be1 Nb6 29. Nfd4 Na4 30. Kf1 Bd5 31. Rd2 Bc4 32. Kg1 Bxe2 33. Rxe2 Bxd4 34. Rd1 Rcd8 35. exd4 Rxd4 36. Rxd4 Rxd4 37. Re8+ Kg7 38. Ra8 Rd6 39. Bb4 Re6 40. g4 g5 41. Bd2 h6 42. Be3 f6 43. Kg2 Nb2 44. Bd4 Nc4 45. Bc3 a5 46. Bxa5 Nxa5 47. Rxa5 Rb6 48. Ra3 b4 49. Rb3 Kf7 50. Kf3 Ke6 51. Ke4 Kd6 52. Kd4 Rb8 53. f3 Rb7 54. Rb1 b3 55. Rb2 Rb6 56. Rb1 b2 57. Kd3 Kd5 58. Ke3 Rb3+ 59. Kf2 Kd4 60. Ke2 Kc3 61. Kd1 Kd3 0-1

[Event "ROM-chT (Women)"]
[Site "Eforie Nord"]
[Date "2009.09.25"]
[Round "7"]
[White "Taposu Matei, Alexandra"]
[Black "Ilie, Maria Ruxandra"]
[Result "1/2-1/2"]
[WhiteElo "1756"]
[BlackElo "1935"]
[PlyCount "47"]
[EventDate "2009.09.19"]
[EventType "team"]
[EventRounds "9"]
[EventCountry "ROU"]
[SourceTitle "CBM 132 Extra"]
[Source "ChessBase"]
[SourceDate "2009.11.03"]
[SourceVersion "1"]
[SourceVersionDate "2009.11.03"]
[SourceQuality "1"]

1. d4 Nf6 2. Nf3 e6 3. c4 Bb4+ 4. Bd2 Qe7 5. g3 Nc6 6. Bg2 Bxd2+ 7. Nbxd2 0-0 8. 0-0 d6 9. e3 e5 10. dxe5 dxe5 11. Qc2 Rd8 12. a3 a5 13. Rad1 Bg4 14. h3 Bh5 15. g4 Bg6 16. Qc1 Bd3 17. Rfe1 e4 18. Nd4 Nxd4 19. exd4 Rxd4 20. Nxe4 Nxe4 21. Rxd3 Rxd3 22. Bxe4 Qd6 23. Bxd3 Qxd3 24. Qe3 1/2-1/2

[Event "ROM-chT (Women)"]
[Site "Eforie Nord"]
[Date "2009.09.19"]
[Round "1"]
[White "Taposu Matei, Alexandra"]
[Black "Foisor, Mihaela Veronica"]
[Result "0-1"]
[WhiteElo "1756"]
[BlackElo "2155"]
[PlyCount "60"]
[EventDate "2009.09.19"]
[EventType "team"]
[EventRounds "9"]
[EventCountry "ROU"]
[SourceTitle "CBM 132 Extra"]
[Source "ChessBase"]
[SourceDate "2009.11.03"]
[SourceVersion "1"]
[SourceVersionDate "2009.11.03"]
[SourceQuality "1"]

1. d4 d5 2. Nf3 Nf6 3. c4 dxc4 4. a4 e6 5. e3 c5 6. Bxc4 a6 7. 0-0 Nc6 8. dxc5 Bxc5 9. Nc3 Qxd1 10. Rxd1 Ke7 11. b3 b6 12. Bb2 Bb7 13. Nd2 Nb4 14. Be2 Rhd8 15. Nc4 Ne4 16. Rac1 Rac8 17. Kf1 f5 18. Nxe4 Bxe4 19. Ne5 g5 20. Ba3 Bb7 21. f3 a5 22. Bxb4 axb4 23. Nc4 Bd5 24. e4 fxe4 25. fxe4 Rf8+ 26. Ke1 Bxe4 27. Bg4 Bxg2 28. Rc2 Rf1+ 29. Ke2 Rf2+ 30. Kd3 Rd8+ 0-1

[Event "ROM-ch U16 Girls"]
[Site "Voineasa"]
[Date "2008.04.17"]
[Round "8"]
[White "Rudisteanu, Dorina Adelina"]
[Black "Taposu Matei, Alexandra"]
[Result "0-1"]
[WhiteElo "401"]
[BlackElo "1769"]
[PlyCount "60"]
[EventDate "2008.04.08"]
[EventType "swiss"]
[EventRounds "9"]
[EventCountry "ROU"]
[SourceTitle "EXT 2013"]
[Source "ChessBase"]
[SourceDate "2012.11.22"]
[SourceVersion "1"]
[SourceVersionDate "2012.11.22"]
[SourceQuality "1"]

1. e4 c5 2. Nf3 e6 3. d4 cxd4 4. Nxd4 Nf6 5. Nc3 a6 6. Bc4 d6 7. Bb3 Be7 8. Be3 Nc6 9. g4 Nxd4 10. Qxd4 e5 11. Qc4 Be6 12. Nd5 Rc8 13. Bb6 Bxd5 14. Ba4+ Kf8 15. exd5 Rxc4 16. Bxd8 Re4+ 17. Kf1 Rxa4 18. Bxe7+ Kxe7 19. g5 Nxd5 20. b3 Rd4 21. c4 Nf4 22. Rg1 Rc8 23. f3 b5 24. cxb5 axb5 25. h4 Rc2 26. a4 bxa4 27. bxa4 Rdd2 28. a5 Rf2+ 29. Ke1 Nd3+ 30. Kd1 Rcd2# 0-1

[Event "ROM-ch U16 Girls"]
[Site "Voineasa"]
[Date "2008.04.15"]
[Round "6"]
[White "Taposu Matei, Alexandra"]
[Black "Olarasu, Ioana"]
[Result "0-1"]
[WhiteElo "1769"]
[BlackElo "805"]
[PlyCount "114"]
[EventDate "2008.04.08"]
[EventType "swiss"]
[EventRounds "9"]
[EventCountry "ROU"]
[SourceTitle "EXT 2013"]
[Source "ChessBase"]
[SourceDate "2012.11.22"]
[SourceVersion "1"]
[SourceVersionDate "2012.11.22"]
[SourceQuality "1"]

1. d4 Nf6 2. c4 e6 3. Nc3 Bb4 4. e3 b6 5. Nge2 Bb7 6. a3 Bxc3+ 7. Nxc3 0-0 8. f3 d6 9. Bd3 Nbd7 10. e4 e5 11. d5 Nc5 12. 0-0 Nxd3 13. Qxd3 Nd7 14. f4 exf4 15. Rxf4 Ne5 16. Qe2 Bc8 17. Qh5 Ng6 18. Rf2 Qh4 19. Qe2 Bg4 20. Qe3 Ne5 21. b3 f5 22. Bd2 fxe4 23. Raf1 Bh5 24. Rxf8+ Rxf8 25. Rxf8+ Kxf8 26. Nxe4 Qg4 27. Qf4+ Ke8 28. Qxg4 Bxg4 29. Nf2 Bf5 30. Bc3 Bc2 31. Bxe5 dxe5 32. b4 Bb3 33. c5 Bxd5 34. cxb6 cxb6 35. Ng4 e4 36. Ne3 Bc6 37. Kf2 Kf7 38. Kg3 Kf6 39. Kf4 h5 40. h4 g6 41. Nf1 Ke6 42. Ne3 Kd6 43. Kg5 Ke5 44. Kxg6 Be8+ 45. Kg5 Kd4 46. Kf4 Bg6 47. Nf1 Kd3 48. Kg5 Be8 49. Kf4 Kc3 50. Kxe4 Bc6+ 51. Ke3 Bxg2 52. Nd2 Bc6 53. Ne4+ Bxe4 54. Kxe4 Kb3 55. Kd3 Kxa3 56. Kc3 b5 57. Kd4 Kxb4 0-1

[Event "ROM-ch U16 Girls"]
[Site "Voineasa"]
[Date "2008.04.14"]
[Round "4"]
[White "Vericeanu, Ilinca"]
[Black "Taposu Matei, Alexandra"]
[Result "1-0"]
[WhiteElo "724"]
[BlackElo "1769"]
[PlyCount "49"]
[EventDate "2008.04.08"]
[EventType "swiss"]
[EventRounds "9"]
[EventCountry "ROU"]
[SourceTitle "EXT 2013"]
[Source "ChessBase"]
[SourceDate "2012.11.22"]
[SourceVersion "1"]
[SourceVersionDate "2012.11.22"]
[SourceQuality "1"]

1. e4 c5 2. Nc3 d6 3. f4 Nf6 4. Nf3 e6 5. g3 Be7 6. Bg2 Nc6 7. d3 Rb8 8. a4 0-0 9. 0-0 a6 10. h3 Qc7 11. g4 b5 12. axb5 axb5 13. f5 b4 14. Ne2 d5 15. g5 Nd7 16. Qe1 Nde5 17. Nxe5 Nxe5 18. f6 Bd6 19. fxg7 Re8 20. Nf4 dxe4 21. Nh5 Rd8 22. Nf6+ Kxg7 23. Qh4 Nf3+ 24. Rxf3 exf3 25. Qh6+ 1-0